书目信息 |
| 题名: |
文化艺术七讲
|
|
| 作者: | 马彦文 著 | |
| 分册: | ||
| 出版信息: | 北京 当代世界出版社 2019 |
|
| 页数: | 245页 | |
| 开本: | 24cm | |
| 丛书名: | 中华文化公开课 | |
| 单 册: | ||
| 中图分类: | J12-49 | |
| 科图分类: | ||
| 主题词: | 艺术--wen hua yi shu--中国--通俗读物 | |
| 电子资源: | ||
| ISBN: | 978-7-5090-1364-9 | |
| 000 | 01244nam 2200277 450 | |
| 001 | 012001003739 | |
| 005 | 20140114104454.0 | |
| 010 | @a978-7-5090-1364-9@dCNY39.80 | |
| 099 | @aCAL 012019095214 | |
| 100 | @a20190528d2019 em y0chiy50 ea | |
| 101 | 0 | @achi |
| 102 | @aCN@b110000 | |
| 105 | @aa z 000yy | |
| 106 | @ar | |
| 200 | 1 | @a文化艺术七讲@Awen hua yi shu qi jiang@f马彦文著 |
| 210 | @a北京@c当代世界出版社@d2019 | |
| 215 | @a245页@c图@d24cm | |
| 225 | 2 | @a中华文化公开课@Azhong hua wen hua gong kai ke |
| 314 | @a马彦文, 2008年奥运火炬手, 中国十大卓越策划专家, 著名广告制作人, 北京人文大学客座教授, 中国企业央视投放奖金获得者, 央视《创维情中华行》综艺晚会制片人, 君湘画院副院长, 知名投资人, 《东方策划学》《西方策划学》丛书副主编。 | |
| 330 | @a艺术可以是宏观概念也可以是个体现象, 是通过捕捉与挖掘、感受与分析、整合与运用 (形体的组合过程、生物的生命过程、故事的发展过程) 等方式对客观或主观现象进行感知、意识、思维、操作、表达等活动的过程。其表达形式包括语言、声音、文字、绘画、眼神、呼吸、肢体等。 | |
| 410 | 0 | @12001 @a中华文化公开课 |
| 606 | 0 | @a艺术@Awen hua yi shu@y中国@j通俗读物 |
| 690 | @aJ12-49@v5 | |
| 701 | 0 | @a马彦文@Ama yan wen@4著 |
| 801 | @b江苏凤凰@c20191020 | |
| 905 | @b1236927-32@dJ12-49@e158@f6 | |
| 文化艺术七讲/马彦文著.-北京:当代世界出版社,2019 |
| 245页:图;24cm.-(中华文化公开课) |
| ISBN 978-7-5090-1364-9:CNY39.80 |
| 艺术可以是宏观概念也可以是个体现象, 是通过捕捉与挖掘、感受与分析、整合与运用 (形体的组合过程、生物的生命过程、故事的发展过程) 等方式对客观或主观现象进行感知、意识、思维、操作、表达等活动的过程。其表达形式包括语言、声音、文字、绘画、眼神、呼吸、肢体等。 |
| ● |
| 相关链接 |
|
|
|
|
正题名:文化艺术七讲
索取号:J12-49/158
 
预约/预借
| 序号 | 登录号 | 条形码 | 馆藏地/架位号 | 状态 | 备注 |
| 1 | 1236927 | 212369275 | 第一样本阅览室/ [索取号:J12-49/158] | 在馆 | |
| 2 | 1236928 | 212369284 | 教育系资料室/ [索取号:J12-49/158] | 在馆 | |
| 3 | 1236929 | 212369293 | 教育系资料室/ [索取号:J12-49/158] | 在馆 | |
| 4 | 1236930 | 212369300 | 第一借阅区/ [索取号:J12-49/158] | 在馆 | |
| 5 | 1236931 | 212369319 | 第一借阅区/ [索取号:J12-49/158] | 在馆 | |
| 6 | 1236932 | 212369328 | 第一借阅区/ [索取号:J12-49/158] | 在馆 |